000 00720nam a2200241Ia 4500
003 OSt
005 20220923213833.0
006 a|||||r|||| 00| 0
007 ta
008 220922b |||||||| |||| 00| 0 hin d
024 _a164,998
037 _cTextual
040 _aARTS
_cARTS
_bhin
041 _2hin
_ahin
082 _aO152:1N5:9, J0
100 _aमल्ल, विजयशंकर
_9156272
245 0 _aहिन्दी काव्य में प्रगतिवाद
246 _aHindī kāvya mean pragativāda
250 _aसंस्क 2
260 _c1950
942 _hO152:1N5:9, J0
_cTEXL
_2CC
999 _c319477
_d319477